000 01091nam0a22002651 4500
001 rc\2315050
005 20110829142826.9
035 _a(NLR Aleph) 006576389
090 _a6999444
_c6999444
100 _a20110829d1977 |||y0rusy50 ca
101 0 _arus
102 _aRU
105 _aa z |||||
200 1 _aЗакономерности онтогенетической эволюции на молекулярном, клеточном и организменном уровнях
_e[Сборник статей]
_fПод ред. д. с.-х. наук проф. С.Г. Сипачева
_gМ-во высш. и сред. спец. образ. РСФСР. Тюмен. гос. ун-т
210 _aТюмень
_cБ. и.
_d1977
215 _a122 с.
_cил.
_d20
225 1 _aНаучные труды
_vСборник 45
702 1 _aСипачев
_bС. Г.
_gСергей Григорьевич
_4340
801 0 _aRU
_bNLR
_gpsbo
801 1 _aRU
_bELAR
_2rusmarc
852 _aNLR
_jП28/1239
899 _aRuMoRGB
_jXXIV 284/40
899 _aRuMoRGB
_jXXIV 284/41
942 _cBOOK
980 _aNB